| Tag |
First Indicator |
Second Indicator |
Subfields |
| LEADER |
00000cam a22000001 4500 |
| 001 |
in00000049596 |
| 005 |
20151007073648.0 |
| 008 |
731212s1967 nyuabh b 00000 eng |
| 010 |
|
|
|a 66021302
|
| 035 |
|
|
|a (OCoLC)02571385
|
| 035 |
|
|
|9 AAF0133AM
|
| 040 |
|
|
|a DLC
|c DLC
|d TXA
|d UtOrBLW
|
| 049 |
|
|
|a TXAM
|c [477836]
|
| 050 |
0 |
0 |
|a QL737.P9
|b R48
|
| 082 |
0 |
|
|a 599.8/8
|
| 092 |
|
|
|a 599.88
|b R465a, 1967
|
| 100 |
1 |
|
|a Reynolds, Vernon.
|
| 245 |
1 |
4 |
|a The apes: the gorilla, chimpanzee, orangutan, and gibbon ;
|b their history and their world.
|
| 250 |
|
|
|a [1st ed.].
|
| 264 |
|
1 |
|a New York :
|b Dutton,
|c 1967.
|
| 300 |
|
|
|a 296 pages :
|b illustrations, facsimiles, maps. ;
|c 25 cm.
|
| 336 |
|
|
|a text
|b txt
|2 rdacontent
|
| 337 |
|
|
|a unmediated
|b n
|2 rdamedia
|
| 338 |
|
|
|a volume
|b nc
|2 rdacarrier
|
| 504 |
|
|
|a Bibliography: pages 275-287.
|
| 650 |
|
0 |
|a Apes.
|
| 999 |
|
|
|a MARS
|
| 999 |
f |
f |
|s f704c380-ebc6-3278-ae8e-0e8c6447c193
|i 771f9897-7bf1-3495-8089-898439093910
|t 0
|
| 952 |
f |
f |
|p ric
|a Texas A&M University
|b Rellis Campus
|c Joint Library Facility
|d Remote Storage
|t 0
|e QL737.P9 R48
|h Library of Congress classification
|i unmediated -- volume
|m A14801026488
|
| 998 |
f |
f |
|a QL737.P9 R48
|t 0
|l Remote Storage
|